[Event "OP-2015-0-03804"]
[Site "LSS email"]
[Date "2015.08.31"]
[Round "?"]
[White "Ezhov, Sergey"]
[Black "Correa de Almeida, Claudio"]
[Result "0-1"]
[WhiteElo "611"]
[BlackElo "1520"]
[PlyCount "22"]
[EventDate "2015.08.25"]
[EventType "tourn (corr)"]
[EventRounds "4"]
[EventCountry "GER"]
[SourceTitle "Corr 2022"]
[Source "ChessBase"]
[SourceDate "2021.10.24"]
[SourceVersion "1"]
[SourceVersionDate "2021.10.24"]
[SourceQuality "1"]

1. e4 e5 2. Nf3 Nc6 3. Bb5 Nf6 4. 0-0 Nxe4 5. d4 Nd6 6. Bxc6 dxc6 7. dxe5 Nf5 8. Qxd8+ Kxd8 9. Nc3 Ke8 10. h3 h5 11. Ne2 Be6 0-1

[Event "FICGS class F 000147 email"]
[Site "FICGS email"]
[Date "2014.04.27"]
[Round "1"]
[White "Stoyanov, Zdravko"]
[Black "Ezhov, Sergey"]
[Result "1-0"]
[WhiteElo "1156"]
[BlackElo "1086"]
[PlyCount "21"]
[EventDate "2014.??.??"]
[EventType "tourn (corr)"]
[EventRounds "5"]
[SourceTitle "Corr 2022"]
[Source "ChessBase"]
[SourceDate "2021.10.24"]
[SourceVersion "1"]
[SourceVersionDate "2021.10.24"]
[SourceQuality "1"]

1. e4 e5 2. Nf3 Nf6 3. d3 Nc6 4. a3 d6 5. h3 Be7 6. Be2 0-0 7. 0-0 Re8 8. Nc3 Be6 9. Ng5 h6 10. Nxe6 fxe6 11. Re1 1-0

[Event "ZN-2014-0-02685"]
[Site "LSS email"]
[Date "2014.04.24"]
[Round "?"]
[White "Ezhov, Sergey"]
[Black "Ortega, Rayner"]
[Result "0-1"]
[WhiteElo "631"]
[BlackElo "601"]
[PlyCount "22"]
[EventDate "2014.04.17"]
[EventType "match (corr)"]
[EventRounds "2"]
[EventCountry "GER"]
[SourceTitle "Corr 2022"]
[Source "ChessBase"]
[SourceDate "2021.10.24"]
[SourceVersion "1"]
[SourceVersionDate "2021.10.24"]
[SourceQuality "1"]

1. e4 e5 2. Nf3 d6 3. Bc4 h6 4. Nc3 a6 5. 0-0 Be7 6. Re1 Nf6 7. d3 b5 8. Bb3 c6 9. d4 b4 10. Na4 Nbd7 11. c3 Rb8 0-1

[Event "OP-2014-0-03358"]
[Site "LSS email"]
[Date "2014.03.29"]
[Round "?"]
[White "Ezhov, Sergey"]
[Black "Denisov, Timofey Victorovich"]
[Result "0-1"]
[WhiteElo "527"]
[BlackElo "2186"]
[PlyCount "72"]
[EventDate "2014.03.26"]
[EventType "tourn (corr)"]
[EventRounds "4"]
[EventCountry "GER"]
[SourceTitle "Telechess CBM 167"]
[Source "ChessBase"]
[SourceDate "2015.07.13"]
[SourceVersion "1"]
[SourceVersionDate "2015.07.13"]
[SourceQuality "1"]

1. e4 c5 2. Nc3 a6 3. Nge2 Nf6 4. d4 cxd4 5. Nxd4 d6 6. Be3 e6 7. g4 e5 8. Nf5 g6 9. g5 gxf5 10. exf5 d5 11. gxf6 d4 12. Bc4 Bxf5 13. Qh5 Qxf6 14. 0-0-0 Nd7 15. Rxd4 exd4 16. Bg5 Qg6 17. Re1+ Ne5 18. Rxe5+ Kd7 19. Bxf7 Qxh5 20. Bxh5 dxc3 21. Rxf5 Rg8 22. Rf7+ Kc6 23. Bf3+ Kd6 24. Rf6+ Kd7 25. Bg4+ Kc7 26. h4 cxb2+ 27. Kb1 Re8 28. Rf7+ Kb6 29. Kxb2 Rg7 30. Rf6+ Ka7 31. Be3+ Kb8 32. Bf4+ Ka8 33. Bf3 Rg6 34. Rf7 Rb6+ 35. Kc3 Bb4+ 36. Kd4 Rf8 0-1

[Event "OP-2013-0-03163"]
[Site "LSS email"]
[Date "2013.12.09"]
[Round "?"]
[White "Ezhov, Sergey"]
[Black "Gyongyosi, Peter Laszlo"]
[Result "0-1"]
[WhiteElo "788"]
[BlackElo "1008"]
[PlyCount "22"]
[EventDate "2013.12.06"]
[EventType "tourn (corr)"]
[EventRounds "4"]
[EventCountry "GER"]
[SourceTitle "Corr 2022"]
[Source "ChessBase"]
[SourceDate "2021.10.24"]
[SourceVersion "1"]
[SourceVersionDate "2021.10.24"]
[SourceQuality "1"]

1. e4 d5 2. exd5 Qxd5 3. Nc3 Qa5 4. d4 Nf6 5. Nf3 Bg4 6. Be2 e6 7. 0-0 Bd6 8. h3 Bxf3 9. Bxf3 c6 10. a3 0-0 11. Bd2 Qc7 0-1

[Event "RN-2013-0-00736"]
[Site "LSS email"]
[Date "2013.12.09"]
[Round "?"]
[White "Ezhov, Sergey"]
[Black "Gyongyosi, Peter Laszlo"]
[Result "0-1"]
[WhiteElo "527"]
[BlackElo "844"]
[PlyCount "46"]
[EventDate "2013.11.27"]
[EventType "tourn (corr)"]
[EventRounds "6"]
[EventCountry "GER"]
[SourceTitle "Telechess CBM 167"]
[Source "ChessBase"]
[SourceDate "2015.07.13"]
[SourceVersion "1"]
[SourceVersionDate "2015.07.13"]
[SourceQuality "1"]

1. e4 d5 2. exd5 Qxd5 3. Nc3 Qa5 4. d4 Nf6 5. Nf3 c6 6. Bc4 e6 7. Bb3 Bb4 8. Bd2 0-0 9. 0-0 Nbd7 10. Re1 Qc7 11. h3 Bxc3 12. Bxc3 Nb6 13. Qd2 Nbd5 14. Bxd5 Nxd5 15. Rad1 Bd7 16. a3 b5 17. Ne5 Nxc3 18. Qxc3 Rac8 19. f3 Be8 20. b4 f6 21. Nd3 Bd7 22. Kf2 Rfe8 23. g3 Re7 0-1

[Event "OP-2013-0-03164"]
[Site "LSS email"]
[Date "2013.12.09"]
[Round "?"]
[White "Ezhov, Sergey"]
[Black "Lenz, Juergen"]
[Result "0-1"]
[WhiteElo "788"]
[BlackElo "1229"]
[PlyCount "24"]
[EventDate "2013.12.07"]
[EventType "tourn (corr)"]
[EventRounds "4"]
[EventCountry "GER"]
[SourceTitle "Corr 2022"]
[Source "ChessBase"]
[SourceDate "2021.10.24"]
[SourceVersion "1"]
[SourceVersionDate "2021.10.24"]
[SourceQuality "1"]

1. e4 Nc6 2. Nf3 Nf6 3. Nc3 d5 4. exd5 Nxd5 5. d4 Bg4 6. Be2 e6 7. Nxd5 Qxd5 8. c3 Be7 9. 0-0 0-0 10. h3 Bh5 11. Be3 Rad8 12. g4 Bg6 0-1

[Event "OP-2013-0-03163"]
[Site "LSS email"]
[Date "2013.12.09"]
[Round "?"]
[White "Lenz, Juergen"]
[Black "Ezhov, Sergey"]
[Result "1-0"]
[WhiteElo "1244"]
[BlackElo "788"]
[PlyCount "25"]
[EventDate "2013.12.06"]
[EventType "tourn (corr)"]
[EventRounds "4"]
[EventCountry "GER"]
[SourceTitle "Corr 2022"]
[Source "ChessBase"]
[SourceDate "2021.10.24"]
[SourceVersion "1"]
[SourceVersionDate "2021.10.24"]
[SourceQuality "1"]

1. d4 d5 2. Nf3 e6 3. Bf4 Nc6 4. e3 Nf6 5. Bd3 a6 6. 0-0 Be7 7. h3 h6 8. c4 dxc4 9. Bxc4 b5 10. Bb3 0-0 11. Qe2 Nd5 12. Bh2 Na5 13. Bxd5 1-0

[Event "RN-2013-0-00734"]
[Site "LSS email"]
[Date "2013.12.03"]
[Round "?"]
[White "Ezhov, Sergey"]
[Black "Fridich, Vaclav Sr"]
[Result "0-1"]
[WhiteElo "560"]
[BlackElo "968"]
[PlyCount "50"]
[EventDate "2013.11.22"]
[EventType "tourn (corr)"]
[EventRounds "6"]
[EventCountry "GER"]
[SourceTitle "Telechess CBM 167"]
[Source "ChessBase"]
[SourceDate "2015.07.13"]
[SourceVersion "1"]
[SourceVersionDate "2015.07.13"]
[SourceQuality "1"]

1. e4 c5 2. Nf3 d6 3. d4 cxd4 4. Nxd4 g6 5. c4 Bg7 6. Nc3 Nc6 7. Nxc6 Bxc3+ 8. bxc3 bxc6 9. Qd4 e5 10. Qd3 Bb7 11. Be3 Qc7 12. 0-0-0 0-0-0 13. f4 c5 14. fxe5 dxe5 15. Qe2 Rxd1+ 16. Qxd1 Bxe4 17. Qg4+ f5 18. Qe2 Nf6 19. Bg5 Rf8 20. Bxf6 Rxf6 21. h3 Rd6 22. Qe3 Ra6 23. Qd2 Rb6 24. Kd1 Rd6 25. Qxd6 Qxd6+ 0-1

[Event "RN-2013-0-00734"]
[Site "LSS email"]
[Date "2013.12.03"]
[Round "?"]
[White "Ezhov, Sergey"]
[Black "Hickl, Norbert"]
[Result "0-1"]
[WhiteElo "560"]
[BlackElo "894"]
[PlyCount "54"]
[EventDate "2013.11.22"]
[EventType "tourn (corr)"]
[EventRounds "6"]
[EventCountry "GER"]
[SourceTitle "Telechess CBM 167"]
[Source "ChessBase"]
[SourceDate "2015.07.13"]
[SourceVersion "1"]
[SourceVersionDate "2015.07.13"]
[SourceQuality "1"]

1. e4 e6 2. d4 d5 3. Nd2 dxe4 4. Nxe4 Bd7 5. Nf3 Bc6 6. Bd3 Nd7 7. 0-0 Ngf6 8. Nxf6+ Nxf6 9. c3 Bd6 10. Re1 0-0 11. h3 h6 12. Be3 Nd5 13. Bd2 f5 14. Be3 Rf6 15. a3 Rg6 16. c4 Nxe3 17. fxe3 Qf6 18. Qe2 Rf8 19. c5 Bg3 20. Rf1 Bxf3 21. Qxf3 c6 22. Kh1 Bc7 23. Rad1 Rg3 24. Qe2 Qh4 25. Rf3 Rf6 26. Rxg3 Qxg3 27. Rf1 Qh2# 0-1

[Event "RN-2013-0-00734"]
[Site "LSS email"]
[Date "2013.12.03"]
[Round "?"]
[White "Ezhov, Sergey"]
[Black "Venturas, Bob"]
[Result "1/2-1/2"]
[WhiteElo "560"]
[BlackElo "711"]
[PlyCount "67"]
[EventDate "2013.11.22"]
[EventType "tourn (corr)"]
[EventRounds "6"]
[EventCountry "GER"]
[SourceTitle "Telechess CBM 167"]
[Source "ChessBase"]
[SourceDate "2015.07.13"]
[SourceVersion "1"]
[SourceVersionDate "2015.07.13"]
[SourceQuality "1"]

1. e4 e5 2. Nf3 Nc6 3. Bb5 d6 4. 0-0 a6 5. Ba4 Bd7 6. Re1 Nf6 7. Bxc6 Bxc6 8. Nc3 h6 9. d3 Be7 10. Be3 0-0 11. h3 Nh5 12. g4 Nf4 13. Bxf4 exf4 14. d4 Re8 15. d5 Bd7 16. e5 dxe5 17. Nxe5 Bd6 18. Nxd7 Qxd7 19. Rxe8+ Rxe8 20. Qf3 Qe7 21. Kg2 Qh4 22. Ne2 Qf6 23. Nc3 Bc5 24. Ne4 Qxb2 25. Qc3 Bd4 26. Qxb2 Bxb2 27. Rb1 Bd4 28. f3 Rd8 29. c4 b6 30. a4 a5 31. Rd1 Be5 32. Kf2 c6 33. Ke2 c5 34. Kd3 1/2-1/2

[Event "RN-2013-0-00734"]
[Site "LSS email"]
[Date "2013.12.03"]
[Round "?"]
[White "Hinestroza, Douglas"]
[Black "Ezhov, Sergey"]
[Result "1-0"]
[WhiteElo "734"]
[BlackElo "560"]
[PlyCount "57"]
[EventDate "2013.11.22"]
[EventType "tourn (corr)"]
[EventRounds "6"]
[EventCountry "GER"]
[SourceTitle "Telechess CBM 167"]
[Source "ChessBase"]
[SourceDate "2015.07.13"]
[SourceVersion "1"]
[SourceVersionDate "2015.07.13"]
[SourceQuality "1"]

1. e4 e5 2. Nf3 Nf6 3. Nc3 Nc6 4. Bc4 d6 5. 0-0 Be7 6. d4 exd4 7. Nxd4 0-0 8. Bf4 Re8 9. Bb5 Bd7 10. Nxc6 Bxc6 11. Bc4 a6 12. a3 Nxe4 13. Nxe4 Bxe4 14. Qg4 Bg6 15. Qf3 Bf6 16. c3 c6 17. Rad1 h6 18. Rxd6 Qb6 19. b4 Rad8 20. Rfd1 Rxd6 21. Bxd6 Bxc3 22. Qxc3 Kh7 23. Bc5 Qc7 24. h3 b6 25. Be3 b5 26. Bb3 f6 27. Bc2 Bxc2 28. Qxc2+ Kh8 29. Qd2 1-0